Narrative of a journey in Egypt and the country beyond the Cataracts /

Saved in:

Main Author: Legh, Thomas (Author)

Format: Book

Language: English

Published: Whitefish, Mont. : Kessinger Publ., 2010.

Edition: Reprint.

Subjects:

Tags: Add Tag

No Tags, Be the first to tag this record!

Call Number: DT53 .L51 2010

LEADER 00700nam a2200229Ia 4500
003 OSt
005 20260429100252.0
008 211223s2010 xx r 000 0 eng u
020 |a 9781437064643 
020 |a 1437064647 
040 |c ARCE Library 
050 4 |a DT53 .L51 2010 
100 1 |a Legh, Thomas,   |e author 
245 1 0 |a Narrative of a journey in Egypt and the country beyond the Cataracts /   |c Thomas Legh. 
250 |a Reprint. 
264 1 |a Whitefish, Mont. :   |b Kessinger Publ.,   |c 2010. 
300 |a viii, 157 pages :   |b map ;   |c 24 cm. 
500 |a Reprint of the London edition, 1816. 
651 0 |a Egypt   |x Description and travel. 
901 |a reviewed 
942 |2 lcc  |c BK 
999 |c 41147  |d 41147